00585cam a2200169 a 4500020001700000040000800017082002600025100002200051245005500073260005100128300002900179490002000208500002000228520011300248650002700361650002700388 a0899080642 : cDLC00a401 GRE 1989 A024 Or.1 aSwisher, Clarice,14aThe beginning of language :bopposing viewpoints / aSan Diego, Calif. :bGreenhaven Press,cc1989. a112 p. :bill. ;c24 cm.1 aGreat mysteries aIncludes index. aDiscusses historical, philosophical, and scientific theories about the mysterious origins of human language. 0aLanguage and languages 1aLanguage and languages